Hangverseny a zeneiskolában
Elmentve itt :
| Szerző: | |
|---|---|
| Dokumentumtípus: | Cikk |
| Megjelent: |
1976-11-20
|
| Sorozat: | Délmagyarország
66 No. 275 |
| Kulcsszavak: | zeneiskola, zeneélet 1962-1979 |
| Online Access: | http://dmarchiv.bibl.u-szeged.hu/92072 |
| LEADER | 00461nab a2200157 i 4500 | ||
|---|---|---|---|
| 001 | delm92072 | ||
| 005 | 20190426123529.0 | ||
| 008 | 190426s1976 hu o 0|| hun d | ||
| 040 | |a SZTE Délmagyarország Archívum |b hun | ||
| 041 | |a hun | ||
| 100 | 1 | |a Belle Ferenc | |
| 245 | 1 | 0 | |a Hangverseny a zeneiskolában |h [elektronikus dokumentum] / |c Belle Ferenc |
| 260 | |c 1976-11-20 | ||
| 300 | |a 5 | ||
| 490 | 0 | |a Délmagyarország |v 66 No. 275 | |
| 695 | |a zeneiskola, zeneélet 1962-1979 | ||